Survival Horror Screenshot Quiz - Statistics

General Stats
  • This quiz has been taken 17 times
  • The average score is 4 of 16
Answer Stats
Picture Answer % Correct
Alan Wake
83%
Outlast
58%
Dino Crisis 2
50%
Doki Doki Literature Club
42%
I Have No Mouth, And I Must Scream
33%
SIGNALIS
25%
Call of Cthulhu: Dark Corners of the Earth
17%
Condemned: Criminal Origins
17%
Darkwood
17%
Eternal Darkness: Sanity's Requiem
17%
Fear & Hunger 2: Termina
17%
Obscure
17%
Parasite Eve
17%
Phantasmagoria
17%
Ib
8%
World of Horror
8%
No matching quizzes found
Score Distribution
Percent of People with Each Score
Percentile by Number Answered
Your Score History
You have not taken this quiz